• 首页
  • 本馆介绍
  • 公告通知
  • 最新文献
  • 馆藏检索
  • 电子资源
  • 读者导购
  • 参考咨询
  • 我的图书馆
  • 登录
  • 详细信息显示
  • 放入我的书架
  • 预约/预借图书
  • 作者相关作品
  • 分类相关作品
  • 丛书相关作品
  • 出版社相关作品

书目信息

  • 表格格式
  • 工作单格式
  • 卡片格式
题名:
性学三论
    
 
作者: 弗洛伊德 著 ;廖玉笛 译
分册:  
出版信息: 北京   台海出版社  2018
页数: 229页
开本: 24cm
丛书名:
单 册:
中图分类: C913.14
科图分类:
主题词: 性学--xing xue--研究
电子资源:
ISBN: 978-7-5168-1955-5
000 00995nam0 2200265 450
001 012001002832
005 20130124110557.0
010    @a978-7-5168-1955-5@dCNY42.00
099    @aCAL 012019043966
100    @a20190410d2018 em y0chiy50 ea
101 0  @achi@cger
102    @aCN@b110000
105    @aa z 000yy
106    @ar
200 1  @a性学三论@Axing xue san lun@d= Three essays on the theory of sexuality@f(奥)西格蒙德·弗洛伊德著@g廖玉笛译@zeng
210    @a北京@c台海出版社@d2018
215    @a229页@c图@d24cm
330    @a本书集结了弗洛伊德生平性学理论中所有令人瞩目的篇章,大部分版本中未收入《文明的性道德与现代人的神经症》《论自恋:导论》《儿童的性道德》等也被收入本书。
510 1  @aThree essays on the theory of sexuality@zeng
606 0  @a性学@Axing xue@x研究
690    @aC913.14@v5
701  1 @a弗洛伊德@Afu luo yi de@g(Freud, Sigmund),@f1856-1939@4著
702  0 @a廖玉笛@Aliao yu di@4译
801  0 @aCN@b江苏凤凰@c20191020
905    @b1216520-3@dC913.14@e1635@f4
    
    性学三论= Three essays on the theory of sexuality/(奥)西格蒙德·弗洛伊德著/廖玉笛译.-北京:台海出版社,2018
    229页:图;24cm
    
    
    ISBN 978-7-5168-1955-5:CNY42.00
    本书集结了弗洛伊德生平性学理论中所有令人瞩目的篇章,大部分版本中未收入《文明的性道德与现代人的神经症》《论自恋:导论》《儿童的性道德》等也被收入本书。
●
相关链接 在E读中查询图书 在五车中查询图书 在当当中查询图书 在豆瓣中查询图书


正题名:性学三论     索取号:C913.14/1635         预约/预借

序号 登录号 条形码 馆藏地/架位号 状态 备注
1 1216520   212165208   第一样本阅览室/ [索取号:C913.14/1635] 在馆    
2 1216521   212165217   教育系资料室/ [索取号:C913.14/1635] 在馆    
3 1216522   212165226   教育系资料室/ [索取号:C913.14/1635] 在馆    
4 1216523   212165235   第一借阅区/ [索取号:C913.14/1635] 在馆    
唐山师范学院图书馆 欢迎您!
大连网信软件有限公司© 版权所有